=LDR 00000nam 2200000 4500 =001 INLIS000000000027084 =005 20210118105729 =035 ##$$a 0010-061300000027084 =008 210118################g##########0#ind## =041 ##$$a Ind =082 ##$$a 333.95 =090 ##$$a 333.95, Mul e =100 #$$a Mulyadi S =245 1#$$a Ekonomi kelautan /$c Mulyadi S =260 ##$$a Jakarta :$b Rajagrfindo Persada,$c 2005 =300 ##$$a xxxi, 223 hlm : $b ilus ; $c 21x14 cm =650 #4$$a Sumber Laut =850 ##$$a NBPNMAT =020 ##$$a 979-421-656-9 =084 ##$$a 333.95 MUL e =250 ##$$a cet.1 =990 ##$$a 20611316 =990 ##$$a 20703428 =990 ##$$a 20703430 =990 ##$$a 20703427 =990 ##$$a 20703430 =990 ##$$a 20611316 =990 ##$$a 20703428 =990 ##$$a 20703427 =990 ##$$a 20703427 =990 ##$$a 20611316 =990 ##$$a 20703428 =990 ##$$a 20703430